[Event "62nd ch-RUS HL w"]
[Site "Tyumen RUS"]
[Date "2012.06.16"]
[Round "1"]
[White "Pogonina,N"]
[Black "Timofeeva,Ekaterina"]
[Result "1/2-1/2"]
[WhiteElo "2447"]
[BlackElo "2273"]
[EventDate "2012.06.16"]

1. e4 c5 2. Nf3 e6 3. d4 cxd4 4. Nxd4 Nf6 5. Nc3 d6 6. Be2 Be7 7. O-O Nc6
8. Kh1 O-O 9. f4 Nxd4 10. Qxd4 b6 11. Be3 Bb7 12. Bf3 Rc8 13. Qd3 Qc7 14.
a4 d5 15. e5 Ne4 16. Bd4 Bb4 17. Bxe4 dxe4 18. Qe3 Rfd8 19. Rfd1 Bxc3 20.
Bxc3 Rxd1+ 21. Rxd1 Rd8 22. Ra1 Qc5 23. Qxc5 bxc5 24. Re1 f5 25. exf6 gxf6
26. Kg1 Kf7 27. Kf2 Bc6 28. a5 Kg6 29. g4 h5 30. h3 hxg4 31. hxg4 a6 32.
Kg3 Rd7 33. Rh1 Ba4 34. Rc1 Rd8 35. b3 Bb5 36. Be1 Be2 37. Bf2 Rd1 38. Rxd1
Bxd1 39. c3 Bxb3 40. Bxc5 Bd1 41. Be3 1/2-1/2

[Event "62nd ch-RUS HL w"]
[Site "Tyumen RUS"]
[Date "2012.06.16"]
[Round "1"]
[White "Drozdova,D"]
[Black "Zaiatz,E"]
[Result "1-0"]
[WhiteElo "2256"]
[BlackElo "2446"]
[EventDate "2012.06.16"]

1. d4 Nf6 2. c4 e6 3. Nf3 d5 4. g3 dxc4 5. Bg2 Nc6 6. Qa4 Bb4+ 7. Bd2 Nd5
8. Bxb4 Ndxb4 9. O-O Bd7 10. Ne5 a5 11. Nxd7 Qxd7 12. Rd1 Rb8 13. Na3 O-O
14. Qb5 Rfd8 15. e3 e5 16. d5 Ne7 17. Qxa5 Nd3 18. Nxc4 Qf5 19. Qd2 Nc5 20.
Qc3 e4 21. d6 cxd6 22. Nxd6 Qh5 23. g4 Qg5 24. h4 Qxg4 25. Qxc5 Rd7 26. Rd4
b6 27. Qg5 Qe6 28. Qg3 Nc6 29. Bh3 1-0

[Event "62nd ch-RUS HL w"]
[Site "Tyumen RUS"]
[Date "2012.06.16"]
[Round "1"]
[White "Gubernatorova,L"]
[Black "Kovalevskaya,E"]
[Result "0-1"]
[WhiteElo "2243"]
[BlackElo "2417"]
[EventDate "2012.06.16"]

1. d4 d5 2. Nf3 e6 3. Bg5 Be7 4. Bxe7 Nxe7 5. e3 c5 6. dxc5 Qa5+ 7. c3 Qxc5
8. Qd4 Qb6 9. Qxb6 axb6 10. Na3 O-O 11. Nb5 Na6 12. Be2 Bd7 13. Ne5 Bc6 14.
Nd4 Nc5 15. O-O f6 16. Nexc6 bxc6 17. b4 Ne4 18. Nxe6 Nxc3 19. Bf3 Rfc8 20.
a3 Ra4 21. Rfc1 Nb5 22. Nd4 Nxd4 23. exd4 Rca8 24. Rc3 Kf8 25. Rb3 Nf5 26.
Bd1 R4a7 27. Rd3 b5 28. Bc2 g6 29. f3 Nd6 30. a4 bxa4 31. Rda3 Nb5 32. Rxa4
Rxa4 33. Rxa4 Rxa4 34. Bxa4 Nxd4 35. Kf2 Ke7 36. g4 Kd6 37. Ke3 Ne6 38. h4
g5 39. hxg5 fxg5 40. Bc2 h6 41. Ba4 Nc7 42. f4 Na6 0-1

[Event "62nd ch-RUS HL w"]
[Site "Tyumen RUS"]
[Date "2012.06.16"]
[Round "1"]
[White "Girya,O"]
[Black "Sukhareva,E"]
[Result "1-0"]
[WhiteElo "2414"]
[BlackElo "2236"]
[EventDate "2012.06.16"]

1. d4 d5 2. c4 e6 3. Nc3 c6 4. e4 dxe4 5. Nxe4 Bb4+ 6. Bd2 Qxd4 7. Bxb4
Qxe4+ 8. Be2 Na6 9. Ba5 b6 10. Qd6 Bd7 11. Bc3 f6 12. Nf3 Nh6 13. Rd1 O-O-O
14. Qa3 Kb7 15. Qe7 Nc5 16. Qxg7 Ng4 17. Bd4 Rhg8 18. Qf7 Rgf8 19. Qg7 Rg8
20. Qf7 Rgf8 21. Qe7 Rfe8 22. Bxc5 Rxe7 23. Bxe7 Kc8 24. Bxd8 Kxd8 25. O-O
Qxe2 26. Rd2 Qxc4 27. Rfd1 Qxa2 28. Rxd7+ Kc8 29. h3 Ne5 30. Nxe5 fxe5 31.
Rf7 Qxb2 32. Rdd7 Qc1+ 33. Kh2 a5 34. Ra7 Qf4+ 35. Rxf4 exf4 36. Rxh7 a4
37. h4 Kb8 38. h5 a3 39. Rd7 b5 40. h6 a2 41. Rd1 1-0

[Event "62nd ch-RUS HL w"]
[Site "Tyumen RUS"]
[Date "2012.06.16"]
[Round "1"]
[White "Butuc,M"]
[Black "Ovod,E"]
[Result "0-1"]
[WhiteElo "2201"]
[BlackElo "2410"]
[EventDate "2012.06.16"]

1. Nf3 Nf6 2. c4 c5 3. Nc3 e6 4. e4 Nc6 5. Be2 b6 6. O-O Bb7 7. d4 cxd4 8.
Nxd4 Qb8 9. Be3 Bd6 10. f4 Nxd4 11. Qxd4 e5 12. Qd2 Nxe4 13. Nxe4 Bxe4 14.
Rad1 exf4 15. Bxf4 Bc5+ 16. Kh1 Qb7 17. Bf3 f5 18. Bxe4 fxe4 19. Bg5 h6 20.
Bh4 g5 21. Bg3 O-O-O 22. b4 e3 23. Qe2 Bxb4 24. Qxe3 Bc5 25. Qe5 Rhf8 26.
Rxf8 Rxf8 27. Qg7 Qc6 28. Qe5 Kb7 29. Qg7 Ka6 30. h4 gxh4 31. Bxh4 Rf4 32.
Bg3 Rxc4 33. Rxd7 Rc1+ 34. Kh2 Bg1+ 35. Kh3 Qe6+ 36. Qg4 Qxg4+ 37. Kxg4 Rc2
38. Kf3 Rxa2 39. Bf4 h5 40. Rh7 Ra3+ 41. Ke4 Ra4+ 42. Kf3 Ra5 43. Bb8 Rf5+
44. Ke4 Rg5 45. Rxa7+ Kb5 46. g3 Kc4 47. Be5 b5 48. Rd7 b4 49. Rd1 Bc5 50.
Rc1+ Kb5 51. Rb1 Bf8 52. Bf4 Rc5 53. Kd3 Rc3+ 54. Kd2 Kc4 55. Ke2 Rc2+ 56.
Kd1 b3 57. Be5 Bb4 58. Ra1 Rd2+ 59. Kc1 Re2 60. Bf6 Re1+ 0-1

[Event "62nd ch-RUS HL w"]
[Site "Tyumen RUS"]
[Date "2012.06.16"]
[Round "1"]
[White "Bodnaruk,A"]
[Black "Schepetkova,M"]
[Result "1/2-1/2"]
[WhiteElo "2394"]
[BlackElo "2181"]
[EventDate "2012.06.16"]

1. e4 c6 2. d4 d5 3. e5 Bf5 4. Nf3 e6 5. Be2 c5 6. c3 Nc6 7. O-O Bg4 8. Be3
Nge7 9. Nh4 Bxe2 10. Qxe2 Ng6 11. Nf3 Be7 12. dxc5 Ngxe5 13. Nxe5 Nxe5 14.
Bd4 Nd7 15. Bxg7 Rg8 16. Bd4 Bxc5 17. Nd2 Bxd4 18. cxd4 Qh4 19. f4 Rc8 20.
Qd3 Rc6 21. f5 exf5 22. Rxf5 Rh6 23. Nf1 Rf6 24. Ng3 Rh6 25. Nf1 Rf6 26.
Qe3+ Re6 27. Qd2 Qe4 28. Rf2 Nb6 29. b3 Nc8 30. Rc1 Nd6 31. Rc5 Rg4 32. h3
Rgg6 33. Rc7 Qh4 34. Qd3 Re4 35. Qf3 Kd8 36. Rc5 Rxd4 37. Rxd5 Rxd5 38.
Qxd5 Rf6 39. g3 Qh6 40. Rd2 Qxh3 41. Rf2 Qe6 42. Qa5+ Kd7 43. Rxf6 Qxf6 44.
Qxa7 Qf3 1/2-1/2

[Event "62nd ch-RUS HL w"]
[Site "Tyumen RUS"]
[Date "2012.06.16"]
[Round "1"]
[White "Kabanova,E"]
[Black "Kovanova,B"]
[Result "0-1"]
[WhiteElo "2164"]
[BlackElo "2391"]
[EventDate "2012.06.16"]

1. d4 Nf6 2. c4 e6 3. g3 Bb4+ 4. Bd2 Qe7 5. Bg2 O-O 6. Nf3 Nc6 7. O-O Bxd2
8. Nbxd2 d6 9. a3 a5 10. Rb1 a4 11. Rc1 e5 12. d5 Nb8 13. e4 Nbd7 14. Qc2
Nc5 15. Ne1 Nfd7 16. Bh3 b6 17. Ng2 Nf6 18. Bxc8 Raxc8 19. Ne3 g6 20. Rce1
Rce8 21. Kg2 Nh5 22. f3 Qg5 23. Ng4 Kh8 24. Nf2 f5 25. Rg1 Rb8 26. Kh1 b5
27. Nd3 Nxd3 28. Qxd3 bxc4 29. Qc2 Qh6 30. Nxc4 fxe4 31. Qxe4 Nf6 32. Qd3
Rb3 33. Qd1 Qh3 34. Rg2 Qf5 35. Re3 Rfb8 36. Rge2 R8b5 37. Rd2 e4 38. Rd4
Rxe3 39. Nxe3 Qxf3+ 40. Qxf3 exf3 41. Rd2 Ne4 42. Rc2 Rb3 43. Nf1 Rd3 44.
Kg1 Rd1 45. g4 Re1 46. Rc1 0-1

[Event "62nd ch-RUS HL w"]
[Site "Tyumen RUS"]
[Date "2012.06.16"]
[Round "1"]
[White "Vasilevich,I"]
[Black "Sazonova,E"]
[Result "1-0"]
[WhiteElo "2375"]
[BlackElo "2159"]
[EventDate "2012.06.16"]

1. c4 e5 2. g3 Nf6 3. Bg2 Nc6 4. Nc3 Bb4 5. Nd5 Bc5 6. e3 d6 7. Ne2 a6 8.
O-O O-O 9. d4 Ba7 10. Nxf6+ Qxf6 11. d5 Ne7 12. Nc3 Qg6 13. Kh1 Qg4 14. Qd3
Qh5 15. f4 Bh3 16. Bxh3 Qxh3 17. f5 f6 18. Bd2 Rab8 19. a4 Kh8 20. Rf2 c6
21. Raf1 Rbc8 22. Ne4 cxd5 23. cxd5 Bb8 24. Bb4 Rfd8 25. b3 Qh5 26. Kg2 Qf7
27. Rd2 Rd7 28. g4 Ng8 29. Rf3 Qe7 30. h4 Qd8 31. Ba3 Qa5 32. Rff2 b5 33.
Rc2 Rxc2 34. Rxc2 b4 35. Qd2 Ne7 36. Bxb4 Qd8 37. Ba5 Qg8 38. Nc3 h5 39. e4
hxg4 40. Qe2 g6 41. Qxg4 gxf5 42. Qxg8+ Kxg8 43. b4 fxe4 44. Nxe4 Kg7 45.
Rd2 Ba7 46. Kf3 Nf5 47. h5 Nd4+ 48. Rxd4 Bxd4 49. Kg4 Be3 50. Kf5 Kh6 51.
Ke6 Rh7 52. Nxf6 Rg7 53. b5 axb5 54. axb5 Bc5 55. Bd2+ 1-0

[Event "62nd ch-RUS HL w"]
[Site "Tyumen RUS"]
[Date "2012.06.16"]
[Round "1"]
[White "Dotdaeva,A"]
[Black "Shadrina,T"]
[Result "1/2-1/2"]
[WhiteElo "2139"]
[BlackElo "2359"]
[EventDate "2012.06.16"]

1. e4 e5 2. Nf3 Nc6 3. Bb5 a6 4. Ba4 Nf6 5. O-O Be7 6. Re1 b5 7. Bb3 d6 8.
c3 O-O 9. h3 Bb7 10. d3 Re8 11. Ng5 Rf8 12. Nf3 h6 13. d4 Re8 14. Nbd2 Bf8
15. d5 Na5 16. c4 Nxb3 17. axb3 c6 18. Nb1 c5 19. Qd3 b4 20. g4 Bc8 21. Nh2
Nh7 22. Nd2 Be7 23. Ndf3 Nf8 24. Kh1 Ng6 25. Rg1 Bg5 26. Nxg5 hxg5 27. Nf3
f6 28. Kg2 Kf7 29. Bd2 Rh8 30. Rh1 Ra7 31. Be3 Qd7 32. Nh2 a5 33. f3 Qe7
34. Ra2 Bd7 35. Rha1 Qd8 36. Nf1 Nf4+ 37. Bxf4 gxf4 38. Nd2 Qg8 39. Qf1 Qh7
40. Qh1 Qh4 41. Qh2 g6 42. Rc1 f5 43. Rh1 Ke8 44. Raa1 Bc8 45. Rae1 Kd8 46.
Ra1 Kc7 47. Kg1 Kb6 48. Qf2 Qg5 49. Qg2 Rah7 50. Kf2 fxg4 51. hxg4 Rh4 52.
Rxh4 Qxh4+ 53. Ke2 Bd7 54. Nf1 Qg5 55. Nd2 Qh4 56. Nf1 Qd8 57. Nd2 Qa8 58.
Rh1 Rd8 59. Qh3 a4 60. bxa4 Qxa4 61. Qh7 Be8 62. Qe7 Qd7 63. Rh7 Ka6 64.
Qxd7 Rxd7 65. Rxd7 Bxd7 66. b3 Kb6 67. Kf2 Kc7 68. Kg2 Kd8 69. Kh3 g5
1/2-1/2

[Event "62nd ch-RUS HL w"]
[Site "Tyumen RUS"]
[Date "2012.06.16"]
[Round "1"]
[White "Iljushina,O"]
[Black "Korchagina,V"]
[Result "1-0"]
[WhiteElo "2354"]
[BlackElo "2098"]
[EventDate "2012.06.16"]

1. d4 Nf6 2. c4 g6 3. Nf3 Bg7 4. Nc3 O-O 5. e4 d6 6. Be2 e5 7. O-O Nc6 8.
d5 Ne7 9. b4 a5 10. bxa5 Rxa5 11. Nd2 Nd7 12. Nb3 Ra8 13. a4 Nc5 14. Nxc5
dxc5 15. Be3 b6 16. a5 Bd7 17. Qb3 Nc8 18. axb6 Rxa1 19. Rxa1 cxb6 20. Ra6
f5 21. f3 f4 22. Bf2 g5 23. Nb5 Rf6 24. Ra8 Bf8 25. Qa4 Qe7 26. Qa6 Nd6 27.
Na7 Rg6 28. Qxb6 Nxe4 29. Qd8 Qxd8 30. Rxd8 Nf6 31. Bxc5 Be8 32. Bxf8 Kxf8
33. Bd3 Rg7 34. Nc6 Nd7 35. Bf5 Nc5 36. h3 Rf7 37. Bg4 Nb7 38. Rxe8+ Kxe8
39. Bh5 Kf8 40. Bxf7 Kxf7 41. Nxe5+ Kf6 42. Nd3 Nd6 43. c5 Nf5 44. Kf2 Ne3
45. d6 Ke6 46. g4 Nc2 47. Ne5 Nb4 48. d7 Ke7 49. c6 Nxc6 50. Nxc6+ Kxd7 51.
Nd4 Ke7 52. Ke2 1-0

[Event "62nd ch-RUS HL w"]
[Site "Tyumen RUS"]
[Date "2012.06.16"]
[Round "1"]
[White "Rassokhina,E"]
[Black "Severiukhina,Z"]
[Result "0-1"]
[WhiteElo "2080"]
[BlackElo "2337"]
[EventDate "2012.06.16"]

1. d4 Nf6 2. c4 g6 3. Nc3 Bg7 4. e4 d6 5. f3 O-O 6. Be3 a6 7. Qd2 c6 8.
Nge2 b5 9. O-O-O Qa5 10. e5 dxe5 11. dxe5 Nfd7 12. f4 Nb6 13. Ne4 b4 14.
Nd4 Bg4 15. Be2 Bxe2 16. Qxe2 c5 17. Nb3 Qxa2 18. Nexc5 Rc8 19. Qc2 a5 20.
Kd2 Nxc4+ 21. Qxc4 a4 22. Ra1 Qxb2+ 23. Qc2 Qxc2+ 24. Kxc2 Nd7 25. Kb1 Nb6
0-1

[Event "62nd ch-RUS HL w"]
[Site "Tyumen RUS"]
[Date "2012.06.16"]
[Round "1"]
[White "Ubiennykh,E"]
[Black "Manina,K"]
[Result "1-0"]
[WhiteElo "2336"]
[BlackElo "1987"]
[EventDate "2012.06.16"]

1. d4 f5 2. g3 Nf6 3. Bg2 e6 4. Nh3 d6 5. c3 Be7 6. Qb3 c6 7. a4 a5 8. Nd2
O-O 9. e4 fxe4 10. Nxe4 Nxe4 11. Bxe4 Kh8 12. Qc2 e5 13. Ng1 exd4 14. Bxh7
dxc3 15. bxc3 Bg5 16. f4 Qe8+ 17. Kf2 Be6 18. Nf3 Bd8 19. Re1 Qf7 20. Bg6
Qf6 21. c4 Bb6+ 22. Kg2 Bf5 23. Qxf5 Qxf5 24. Bxf5 Rxf5 25. Re8+ Kh7 26.
Rb1 Ba7 27. Rxb7 Kg6 28. Bb2 1-0

[Event "62nd ch-RUS HL w"]
[Site "Tyumen RUS"]
[Date "2012.06.16"]
[Round "1"]
[White "Sazonova,A"]
[Black "Pustovoitova,D"]
[Result "1-0"]
[WhiteElo "1963"]
[BlackElo "2307"]
[EventDate "2012.06.16"]

1. e4 c6 2. d4 d5 3. Nd2 dxe4 4. Nxe4 Bf5 5. Ng3 Bg6 6. h4 h6 7. Nf3 Nd7 8.
h5 Bh7 9. Bd3 Bxd3 10. Qxd3 e6 11. Bf4 Qa5+ 12. Bd2 Bb4 13. c3 Be7 14. c4
Qc7 15. O-O-O Ngf6 16. Ne4 O-O 17. Kb1 b5 18. c5 Rfd8 19. Nxf6+ Nxf6 20.
Qe2 Rd5 21. g4 Nxg4 22. Rdg1 f5 23. Qxe6+ Kh8 24. Nh2 Bxc5 25. Nxg4 fxg4
26. Bxh6 Bxd4 27. Bc1 Qd7 28. Qxg4 Qxg4 29. Rxg4 Kh7 30. h6 g6 31. Re1 Re5
32. Rd1 c5 33. b4 Rae8 34. bxc5 Bxc5 35. Rd7+ R8e7 36. Rxe7+ Bxe7 37. Rd4
g5 38. Rd7 Kxh6 39. f4 Re1 40. Kc2 g4 41. Bd2 Ra1 42. Rxe7 Rxa2+ 43. Kd3 g3
44. f5+ Kh5 45. Rg7 b4 46. f6 Ra3+ 47. Ke4 Ra6 48. f7 Rf6 49. Bxb4 1-0

[Event "62nd ch-RUS HL w"]
[Site "Tyumen RUS"]
[Date "2012.06.16"]
[Round "1"]
[White "Ivakhinova,I"]
[Black "Adamova,T"]
[Result "1-0"]
[WhiteElo "2306"]
[BlackElo "1914"]
[EventDate "2012.06.16"]

1. d4 Nf6 2. c4 c5 3. d5 b5 4. cxb5 a6 5. e3 Bb7 6. Nc3 axb5 7. Bxb5 Qa5 8.
Nge2 Nxd5 9. O-O Nc7 10. Bc4 Nc6 11. e4 Ne5 12. Bb3 c4 13. Ba4 e6 14. Bf4
Rd8 15. Qd2 Na6 16. Qd4 Nd3 17. Qxc4 Nxf4 18. Nxf4 Qg5 19. Nd3 Be7 20. f4
Qh5 21. Ne5 Nc5 22. Bd1 Qh6 23. b4 Na6 24. a3 O-O 25. Qb5 Bc8 26. Be2 Nc7
27. Qb6 Ne8 28. a4 f5 29. exf5 Rxf5 30. Ng4 Qg6 31. a5 Qf7 32. a6 Nd6 33.
Rad1 Qf8 34. g3 h6 35. Ne5 Qe8 36. Rxd6 Bxd6 37. Qxd6 Qf8 38. Ne4 1-0

[Event "62nd ch-RUS HL w"]
[Site "Tyumen RUS"]
[Date "2012.06.17"]
[Round "2"]
[White "Iljushina,O"]
[Black "Romanko,M"]
[Result "1-0"]
[WhiteElo "2354"]
[BlackElo "2420"]
[EventDate "2012.06.16"]

1. d4 d5 2. c4 c6 3. cxd5 cxd5 4. Nc3 Nf6 5. Nf3 Nc6 6. Bf4 e6 7. e3 a6 8.
Bd3 Bd6 9. O-O Bxf4 10. exf4 b5 11. Rc1 Qb6 12. Qd2 O-O 13. Rfd1 Rd8 14.
Bb1 Bb7 15. Ne5 Ne7 16. Qd3 Rac8 17. h4 g6 18. g3 Bc6 19. b4 Be8 20. Kg2 a5
21. a3 Nf5 22. Ne2 axb4 23. axb4 Nd6 24. Rh1 Rxc1 25. Nxc1 Nc4 26. Nb3 Ra8
27. Nc5 Ra1 28. h5 Qa7 29. hxg6 hxg6 30. g4 Qa3 31. Nb3 Rxb1 32. Rxb1 Qa2
33. Ra1 Qb2 34. Ra8 Kg7 35. Nc5 Nd6 36. Ra7 Nde4 37. Qe3 Qxb4 38. g5 Nh5
39. Nxe4 dxe4 40. Qxe4 Kf8 41. Ra8 Qd6 42. Kf3 Ng7 43. Qb7 Qd5+ 44. Qxd5
exd5 45. Nc6 Nf5 46. Ke2 Nd6 47. Nb4 Ke7 48. Nxd5+ Ke6 49. Nc7+ Kd7 50.
Nxe8 Nxe8 51. Kd3 Nc7 52. Ra7 Kc6 53. Ke4 Kb6 54. Rxc7 Kxc7 55. Kd5 Kb6 56.
f3 1-0

[Event "62nd ch-RUS HL w"]
[Site "Tyumen RUS"]
[Date "2012.06.17"]
[Round "2"]
[White "Kovalevskaya,E"]
[Black "Ubiennykh,E"]
[Result "1/2-1/2"]
[WhiteElo "2417"]
[BlackElo "2336"]
[EventDate "2012.06.16"]

1. c4 e5 2. g3 Nf6 3. Bg2 d5 4. cxd5 Nxd5 5. Nf3 Nc6 6. O-O Be7 7. d4 exd4
8. Nxd4 Nxd4 9. Qxd4 Nf6 10. Qxd8+ Bxd8 11. Nc3 c6 12. b4 Bd7 13. a4 O-O
14. Rd1 Bg4 15. h3 Be6 16. Be3 Be7 17. b5 a6 18. bxc6 bxc6 19. Bxc6 Rac8
20. Nd5 Bd8 21. Rac1 Bxh3 22. Nb6 Bxb6 23. Bxb6 Bd7 24. Bxd7 Rxc1 25. Rxc1
Nxd7 26. Bd4 Ra8 27. Rc7 Nf8 28. Bb6 Ne6 29. Rd7 h5 30. a5 g5 31. f3 Kg7
32. Kf2 Kf6 33. Be3 Kg6 34. Rd6 Kf5 35. Rd5+ Kg6 36. Bb6 f5 37. Rd6 Kf7 38.
Rd7+ Kf6 39. Rh7 Kg6 40. Re7 Kf6 41. Rd7 f4 42. Bd4+ Nxd4 43. Rxd4 Ke5 44.
Rd7 Rh8 45. Rc7 h4 46. gxf4+ gxf4 47. Rc5+ Kf6 48. Rc6+ Kg5 49. Rc5+ Kf6
50. Kg2 Re8 51. Rc2 Re5 52. Kh3 Kg5 53. Ra2 Kh5 54. Ra4 Rf5 55. Rb4 Kg5 56.
Ra4 Rb5 57. Ra1 Re5 58. Rg1+ Kf5 59. Kxh4 Rxe2 60. Rg5+ Kf6 61. Rc5 Rg2 62.
Rd5 Rg3 63. Rd6+ Ke5 64. Rxa6 Rxf3 65. Ra8 Ra3 66. a6 Kd6 67. Kg4 Kc6
1/2-1/2

[Event "62nd ch-RUS HL w"]
[Site "Tyumen RUS"]
[Date "2012.06.17"]
[Round "2"]
[White "Ovod,E"]
[Black "Ivakhinova,I"]
[Result "1/2-1/2"]
[WhiteElo "2410"]
[BlackElo "2306"]
[EventDate "2012.06.16"]

1. d4 d5 2. c4 c6 3. Nf3 Nf6 4. Nc3 dxc4 5. a4 Bf5 6. e3 e6 7. Bxc4 Bb4 8.
O-O O-O 9. Nh4 Qe7 10. f3 Rd8 11. Nxf5 exf5 12. Qc2 g6 13. g4 f4 14. Ne4 a5
15. Kh1 Na6 16. g5 Nh5 17. exf4 Rxd4 18. f5 Kf8 19. fxg6 hxg6 20. Be3 Rd7
21. Bxa6 bxa6 22. Qxc6 Rad8 23. Qxa6 Qe5 24. Qc4 Qxb2 25. f4 Re7 26. Rab1
Qa3 27. Bb6 Rde8 28. Bc5 Bxc5 29. Nxc5 Re2 30. Nd7+ Kg8 31. Qb3 Qa2 32.
Qxa2 Rxa2 33. f5 gxf5 34. Rxf5 Ree2 35. Nf6+ Nxf6 36. gxf6 Rxh2+ 37. Kg1
Rag2+ 38. Kf1 Ra2 39. Rg5+ Kh7 40. Kg1 Rhf2 41. Rf1 Rxf1+ 42. Kxf1 Rxa4 43.
Ke2 Rf4 44. Rg7+ Kh6 45. Rxf7 Kg6 46. Ra7 Rxf6 1/2-1/2

[Event "62nd ch-RUS HL w"]
[Site "Tyumen RUS"]
[Date "2012.06.17"]
[Round "2"]
[White "Kovanova,B"]
[Black "Drozdova,D"]
[Result "1-0"]
[WhiteElo "2391"]
[BlackElo "2256"]
[EventDate "2012.06.16"]

1. e4 e6 2. d3 d5 3. Qe2 Nc6 4. Nf3 dxe4 5. dxe4 e5 6. c3 a5 7. Qc2 Bc5 8.
Bb5 Qe7 9. h3 Bd7 10. Nbd2 Bxf2+ 11. Kxf2 Qc5+ 12. Kg3 Qxb5 13. a4 Qc5 14.
Nb3 Qc4 15. Be3 b6 16. Nbd2 Qe6 17. Rhf1 f6 18. b4 g5 19. b5 Nd8 20. c4 Ne7
21. Kh2 Rg8 22. c5 g4 23. hxg4 Qxg4 24. Rf2 bxc5 25. Nb3 Ne6 26. Nxc5 Nxc5
27. Bxc5 Ng6 28. Be3 h5 29. Kg1 h4 30. Nh2 Qe6 31. Raf1 Rf8 32. Qxc7 h3 33.
g3 Qb3 34. Qb6 Qxa4 35. Rxf6 Qxe4 36. R1f3 Qc2 37. Rf2 Qb1+ 38. Nf1 Rg8 39.
Qd6 Ne7 40. Qxe5 h2+ 41. Rxh2 Rc8 42. b6 a4 43. Rb2 1-0

[Event "62nd ch-RUS HL w"]
[Site "Tyumen RUS"]
[Date "2012.06.17"]
[Round "2"]
[White "Sazonova,A"]
[Black "Vasilevich,I"]
[Result "0-1"]
[WhiteElo "1963"]
[BlackElo "2375"]
[EventDate "2012.06.16"]

1. e4 c5 2. Nf3 e6 3. d4 cxd4 4. Nxd4 a6 5. Bd3 Bc5 6. Nb3 Ba7 7. Qg4 Nf6
8. Qg3 d6 9. O-O Nc6 10. Be3 Bxe3 11. Qxe3 e5 12. c4 O-O 13. Nc3 Be6 14.
Nd5 Bxd5 15. exd5 Ne7 16. f4 exf4 17. Qxf4 b5 18. Qd4 bxc4 19. Bxc4 Ng6 20.
Nd2 Re8 21. Rae1 Ne5 22. b3 Qa5 23. Ne4 Nxe4 24. Rxe4 Qxa2 25. Re2 Qa5 26.
Ra1 Qb4 27. Ra4 Qb7 28. h3 a5 29. Kh2 h6 30. Rea2 Qc7 31. Qc3 Qc5 32. Rxa5
Rxa5 33. Rxa5 Qf2 34. Qg3 Qd2 35. Ra6 h5 36. h4 Ng4+ 37. Kh3 Re3 0-1

[Event "62nd ch-RUS HL w"]
[Site "Tyumen RUS"]
[Date "2012.06.17"]
[Round "2"]
[White "Schepetkova,M"]
[Black "Pogonina,N"]
[Result "1/2-1/2"]
[WhiteElo "2181"]
[BlackElo "2447"]
[EventDate "2012.06.16"]

1. d4 Nf6 2. c4 e6 3. Nc3 Bb4 4. Qc2 O-O 5. e4 d6 6. Bd3 Nc6 7. Nge2 e5 8.
O-O exd4 9. Nd5 Nd7 10. a3 Bc5 11. b4 Bb6 12. Bb2 Nce5 13. Nxb6 axb6 14.
Nxd4 Nxd3 15. Qxd3 Ne5 16. Qg3 f6 17. Rac1 Qe7 18. f4 Nc6 19. Nxc6 bxc6 20.
e5 dxe5 21. fxe5 f5 22. e6 c5 23. Qe5 cxb4 24. axb4 Bxe6 25. Rce1 Rae8 26.
c5 bxc5 27. bxc5 Qf7 28. Qg3 c6 29. Be5 Bc8 30. Bd6 Rxe1 31. Rxe1 Re8 32.
Rxe8+ Qxe8 33. Qe5 Be6 34. Kf2 h6 35. h4 Kh7 36. g3 Qf7 37. Bc7 Bd5 38. Ba5
Qa7 39. Qc3 Be4 40. Ke3 Qb8 41. Kd4 Qb7 42. Bb4 Qc7 43. Ba3 Qe7 44. Bb2 Bd5
45. Qe3 Qb7 46. Bc3 Be4 47. Qd2 Qb5 48. Bb2 Bd5 49. Qc2 Qb4+ 50. Ke5 Qe1+
51. Kf4 Kg8 52. Bd4 Qf1+ 53. Qf2 Qb1 54. Qe2 Kh7 55. Qe5 Qc1+ 56. Qe3 Qd1
57. Ke5 Qh5 58. Kd6 Be4 59. Qf4 Qg6+ 60. Ke7 Bd5 61. Qe5 Qf7+ 62. Kd6 Kg8
63. Bc3 Qf8+ 64. Qe7 Qb8+ 65. Qc7 Qxc7+ 66. Kxc7 Kf7 67. Kd6 g5 68. hxg5
hxg5 69. Ke5 Kg6 70. Bd2 1/2-1/2

[Event "62nd ch-RUS HL w"]
[Site "Tyumen RUS"]
[Date "2012.06.17"]
[Round "2"]
[White "Shadrina,T"]
[Black "Bodnaruk,A"]
[Result "1-0"]
[WhiteElo "2359"]
[BlackElo "2394"]
[EventDate "2012.06.16"]

1. e4 c5 2. Nf3 d6 3. d4 cxd4 4. Nxd4 Nf6 5. Nc3 a6 6. Bg5 e6 7. f4 Nbd7 8.
Qe2 Qc7 9. O-O-O Be7 10. g4 b5 11. a3 Bb7 12. Rg1 Rc8 13. Bxf6 Nxf6 14. g5
Nd7 15. f5 e5 16. Nb3 f6 17. gxf6 Bxf6 18. Qh5+ Ke7 19. Bd3 Nb6 20. Rg3 Bc6
21. Rdg1 Kf8 22. Qe2 Qf7 23. Kb1 Ba8 24. Nd1 d5 25. exd5 Nxd5 26. Nf2 Nf4
27. Qd2 h5 28. Ne4 Bxe4 29. Bxe4 Rd8 30. Qa5 Rd6 31. Rc3 Kg8 32. Rc7 Rd7
33. Rxd7 Qxd7 34. Qxa6 Kh7 35. Qc6 Rd8 36. Re1 Qa7 37. Nc5 Qa5 38. c3 Qa7
39. Bc2 Qe7 40. Ne6 Rd6 41. Qf3 Rxe6 42. fxe6+ g6 43. Rg1 Kh6 44. Qc6 h4
45. Qe4 Qg7 46. a4 bxa4 47. Qxa4 g5 48. Qe4 Nxe6 49. Rd1 Nf8 50. Rd6 Qe7
51. Rb6 Qd8 52. Rb7 Bg7 53. Rf7 Qb6 54. b4 Ng6 55. Kb2 Qd6 56. b5 1-0

[Event "62nd ch-RUS HL w"]
[Site "Tyumen RUS"]
[Date "2012.06.17"]
[Round "2"]
[White "Timofeeva,Ekaterina"]
[Black "Dotdaeva,A"]
[Result "1-0"]
[WhiteElo "2273"]
[BlackElo "2139"]
[EventDate "2012.06.16"]

1. Nf3 c5 2. c4 Nf6 3. Nc3 Nc6 4. e3 g6 5. d4 Bg7 6. d5 Na5 7. a3 b6 8. Be2
O-O 9. O-O d6 10. b4 cxb4 11. axb4 Nb7 12. Nd4 a5 13. Nc6 Qd7 14. Bb2 Nd8
15. bxa5 bxa5 16. Nxa5 Rb8 17. Nb5 e6 18. dxe6 fxe6 19. Rb1 Nf7 20. Qc2 Ba6
21. Rfd1 Rfc8 22. Qd3 d5 23. Bxf6 Bxf6 24. e4 Bxb5 25. cxb5 Rc3 26. Qd2 Qe8
27. Nc6 Ra8 28. exd5 exd5 29. Bf3 Kg7 30. Bxd5 Raa3 31. Bxf7 Qxf7 32. Qd7
Ra2 33. Qxf7+ Kxf7 34. Rd7+ Ke6 35. Rbd1 Rb2 36. g4 Be5 37. Re7+ Kf6 38.
g5+ Kxg5 39. Rxe5+ Kf4 40. Red5 Rcc2 41. R1d4+ Kf3 42. Ne5+ 1-0

[Event "62nd ch-RUS HL w"]
[Site "Tyumen RUS"]
[Date "2012.06.17"]
[Round "2"]
[White "Zaiatz,E"]
[Black "Sazonova,E"]
[Result "1-0"]
[WhiteElo "2446"]
[BlackElo "2159"]
[EventDate "2012.06.16"]

1. d4 Nf6 2. c4 g6 3. Nc3 Bg7 4. e4 d6 5. Be2 O-O 6. Bg5 Na6 7. Qd2 e5 8.
Nf3 Qe8 9. d5 Nh5 10. g3 f5 11. Bh6 f4 12. Bxg7 Nxg7 13. h3 Qe7 14. O-O-O
Bd7 15. Kb1 Ne8 16. Ne1 c5 17. dxc6 bxc6 18. gxf4 Rxf4 19. Nd5 cxd5 20.
Qxd5+ Be6 21. Qxa8 Rxf2 22. Bg4 Bxc4 23. b3 Bf7 24. Nd3 Rf6 25. Qc8 d5 26.
exd5 Bxd5 27. Rhe1 e4 28. Nf4 Bf7 29. Nd5 Bxd5 30. Rxd5 Nac7 31. Rd7 Qb4
32. Rc1 Rf8 33. Rdxc7 Nxc7 34. Qxc7 Qd4 35. Rd1 Qf6 36. Qc4+ 1-0

[Event "62nd ch-RUS HL w"]
[Site "Tyumen RUS"]
[Date "2012.06.18"]
[Round "3"]
[White "Girya,O"]
[Black "Iljushina,O"]
[Result "1/2-1/2"]
[WhiteElo "2414"]
[BlackElo "2354"]
[EventDate "2012.06.16"]

1. d4 Nf6 2. c4 e6 3. Nc3 Bb4 4. Qc2 O-O 5. a3 Bxc3+ 6. Qxc3 b6 7. Bg5 Ba6
8. Qf3 Nc6 9. e3 Bb7 10. Rd1 a5 11. Nh3 h6 12. Bxf6 Qxf6 13. Qxf6 gxf6 14.
Nf4 Rfd8 15. Rg1 Kf8 16. g4 a4 17. Rg3 Ke7 18. Rh3 Rh8 19. Kd2 Ba6 20. Kc3
Rab8 21. Rh5 Rbg8 22. f3 Rg5 23. Rh4 d6 24. Bd3 Na5 25. Ne2 b5 26. f4 bxc4
27. fxg5 fxg5 28. Rh3 cxd3 29. Nc1 f5 30. gxf5 exf5 31. Nxd3 h5 32. Rf3 Kf6
33. Rdf1 Bc8 34. e4 f4 35. h4 Bg4 36. hxg5+ Kxg5 37. Rxf4 Nc6 38. Rf7 Rb8
39. Nb4 Nxd4 40. Kxd4 c5+ 41. Kd5 cxb4 42. Kxd6 bxa3 43. bxa3 Rb6+ 44. Ke5
Rb5+ 45. Kd4 Rb3 46. Ra1 Rg3 47. Rg7+ Kh6 48. Ra7 Bf3 49. Ke5 h4 50. Kf4
Bg2 51. Ra6+ Kh5 52. Ra5+ Kh6 53. Rc1 Rg6 54. Rxa4 h3 55. Rd4 h2 56. Rd2
Kg7 57. Rd7+ Kh6 58. Rcc7 Rf6+ 59. Kg3 h1=Q 60. Rh7+ Kg5 61. Rcg7+ Rg6 62.
Rxg6+ Kxg6 63. Rxh1 Bxh1 64. Kf4 Kf6 65. a4 Bxe4 1/2-1/2

[Event "62nd ch-RUS HL w"]
[Site "Tyumen RUS"]
[Date "2012.06.17"]
[Round "2"]
[White "Pustovoitova,D"]
[Black "Korchenkova,I"]
[Result "1-0"]
[WhiteElo "2307"]
[BlackElo "2088"]
[EventDate "2012.06.16"]

1. e4 c5 2. Nf3 e6 3. d4 cxd4 4. Nxd4 a6 5. Bd3 Qc7 6. O-O Nc6 7. Nxc6 bxc6
8. Be3 Nf6 9. c4 c5 10. f4 d6 11. Nc3 Bb7 12. Qf3 g6 13. Qh3 Bg7 14. f5 e5
15. Nd5 Bxd5 16. exd5 Rb8 17. b3 Qe7 18. g4 e4 19. Rae1 h6 20. Bd2 O-O 21.
g5 hxg5 22. Bxg5 Qe5 23. Bxf6 Qxf6 24. Rxe4 g5 25. Rg4 Rfe8 26. Qg3 Kf8 27.
Rxg5 Rbd8 28. Kh1 Qb2 29. f6 Bxf6 30. Rgf5 Bg7 31. Rxf7+ Kg8 32. Qg6 1-0